Štátna banka Československá

Zmeny v politickom systéme v Československu po druhej svetovej vojne. Vznik Štátnej banky československej (ŠBČS) v r. 1950 so sídlom v Prahe. Počiatky centralizácie bankovníctva na Slovensku. Federácia a jej dopad na bankovníctvo. Organizačné usporiadanie ŠBČS v období federácie. Členstvo ŠBČS v med...

Ausführliche Beschreibung

Gespeichert in:
Bibliographische Detailangaben
1. Verfasser: Kačkovičová, Mária
Format: Buchkapitel
Sprache:Slowakisch
Schlagworte:
Tags: Tag hinzufügen
Keine Tags, Fügen Sie das erste Tag hinzu!

MARC

LEADER 00000naa a2200000 4500
001 r027443
005 20221208071732.3
041 0 |a slo 
044 |a SK 
245 1 0 |a Štátna banka Československá  |c Mária Kačkovičová 
520 |a Zmeny v politickom systéme v Československu po druhej svetovej vojne. Vznik Štátnej banky československej (ŠBČS) v r. 1950 so sídlom v Prahe. Počiatky centralizácie bankovníctva na Slovensku. Federácia a jej dopad na bankovníctvo. Organizačné usporiadanie ŠBČS v období federácie. Členstvo ŠBČS v medzinárodných finančných inštitúciách. Demonopolizácia ŠBČS a jej zánik. 18.11.1992 Slovenská národná rada prijala zákon o Národnej banke Slovenska s termínom začatia jej činnosti k 1.1.1993. 
610 2 0 |a banky 
610 2 0 |a história 
610 2 0 |a ČSSR 
610 2 0 |a Slovensko 
610 2 0 |a ŠBČS 
610 2 0 |a 1950 
610 2 0 |a bankovníctvo 
610 2 0 |a centralizácia 
610 2 0 |a 1945-1992 
100 1 |a Kačkovičová, Mária